| 000 | 01402nam0a22002531 4500 | ||
|---|---|---|---|
| 001 | rc\607591 | ||
| 005 | 20250621182130.0 | ||
| 035 | _a(NLR Aleph) 005851572 | ||
| 090 |
_a5784256 _c5784256 |
||
| 100 | _a20031121d1986 |||y0rusy50 ca | ||
| 101 | 0 | _arus | |
| 102 | _aRU | ||
| 105 | _ay ||||||||| | ||
| 200 | 1 |
_aЛИТЕРАТУРА и русский язык _eМетод. рекомендации по теме "Великая Отеч. война в творчестве соврем. сов. писателей" для орг. учеб. и факультатив. занятий в сред. спец. учеб. заведениях _fУчеб.-метод. каб. М-ва высш. и сред. спец. образования ЛатвССР _g[Сост. С. Иванова] |
|
| 210 |
_aРига _cУМК М-ва высш. и сред. спец. образования ЛатвССР _d1986 |
||
| 215 |
_a29 с. _d20 |
||
| 702 | 1 |
_4220 _aИванова _bС. Е. _cд-р филологии, рус. литература _f1935-1998 _gСветлана Евгеньевна _9227639 _3RU\NLR\AUTH\770227695 |
|
| 712 | 0 | 1 |
_aЛатвССР _bМ-во высшего и среднего специального образования _bУчеб.-метод. кабинет |
| 801 | 0 |
_aRU _bNLR _gpsbo |
|
| 801 | 1 |
_aRU _bELAR _2rusmarc |
|
| 852 |
_aNLR _j87-4/15300 |
||
| 942 | _cBOOK | ||
| 980 | _aNB | ||